000 00476nam a2200157Ia 4500
008 100122s9999 xx 000 0 und d
082 _b46895
_aBM822.08
100 _aनिमकर प्रतिभा
245 _aतीन बालनाटिका
250 _a0
260 _bप्रतिभा निमकर
_c1984
300 _a48
630 _aतीन बालनाटिका
730 _aतीन बालनाटिका
942 _cBOOK
999 _c425898
_d425895